| 000 | 00394nam a2200133Ia 4500 | ||
|---|---|---|---|
| 005 | 20250516145652.0 | ||
| 008 | 250516s9999 xx 000 0 und d | ||
| 020 | _a9780226695938 | ||
| 082 |
_a616.8982 _bMIT |
||
| 100 | _aMitchell, W. J. T. | ||
| 245 | 0 | _aMental Traveler: A Father, A Son, And A Journey Through Schizophrenia | |
| 260 |
_bUniversity of Chicago Press _c2020 |
||
| 942 | _cENGLISH | ||
| 999 |
_c571150 _d571150 |
||